<?xml version="1.0" encoding="UTF-8"?>
<collection xmlns="http://www.loc.gov/MARC21/slim">
 <record>
  <leader>00550nam a22001575a 4500</leader>
  <controlfield tag="001">EUN.um042804</controlfield>
  <controlfield tag="008">041125s1966####ag############000#0#spa#d</controlfield>
  <controlfield tag="005">20090408120530.0</controlfield>
  <datafield tag="245" ind1="1" ind2="3">
   <subfield code="a">El factor suelo en estudios para desarrollo de zonas bajo riego /</subfield>
   <subfield code="c">Jorge A. Luque.</subfield>
  </datafield>
  <datafield tag="260" ind1=" " ind2=" ">
   <subfield code="a">Bahía Blanca :</subfield>
   <subfield code="b">Universidad Nacional del Sur,</subfield>
   <subfield code="c">1966.</subfield>
  </datafield>
  <datafield tag="300" ind1=" " ind2=" ">
   <subfield code="a">23 p.</subfield>
  </datafield>
  <datafield tag="490" ind1="0" ind2=" ">
   <subfield code="a">Cátedra de hidráulica agrícola. Publicación nº3</subfield>
  </datafield>
  <datafield tag="100" ind1="1" ind2=" ">
   <subfield code="a">Luque, Jorge Alfredo.</subfield>
  </datafield>
  <datafield tag="082" ind1="0" ind2="4">
   <subfield code="a">631.7</subfield>
  </datafield>
  <datafield tag="082" ind1="0" ind2="4">
   <subfield code="a">631.4</subfield>
  </datafield>
  <datafield tag="859" ind1=" " ind2=" ">
   <subfield code="a">Ar-BaUNS</subfield>
   <subfield code="b">BIB. CENTRAL - Sector C</subfield>
   <subfield code="h">631.7</subfield>
   <subfield code="i">L974-2</subfield>
   <subfield code="p">D932/966</subfield>
  </datafield>
 </record>
</collection>
